Gladbachs Bundesliga Siege 2024/25 - Statistiken

Allgemein
  • Dieses Quiz wurde 11 mal gespielt
  • Das Durchschnittsergebnis liegt bei 8 aus 26
Antwortstatistiken
Hint Antwort % Korrekt
Ergebnis 0:2
71%
1. Sieg VFL Bochum
71%
2. Sieg Union Berlin
57%
Ergebnis 1:0
43%
Ergebnis 1:2
29%
Ergebnis 1:2
29%
3. Sieg 1. FC Heidenheim
29%
Ergebnis 2:0
29%
Ergebnis 3:0
29%
Ergebnis 3:2
29%
Ergebnis 4:1
29%
Ergebnis 4:1
29%
5. Sieg FC St. Pauli
29%
6. Sieg Holstein Kiel
29%
7. Sieg TSG Hoffenheim
29%
9. Sieg VFB Stuttgart
29%
8. Sieg VFL Bochum
29%
4. Sieg Werder Bremen
29%
Ergebnis 0:3
14%
Ergebnis 1:0
14%
Ergebnis 1:2
14%
11. Sieg 1. FC Heidenheim
14%
Ergebnis 2:4
14%
13. Sieg RB Leipzig
14%
10. Sieg Union Berlin
14%
12. Sieg Werder Bremen
14%
Keine übereinstimmenden Quizze gefunden
Verteilung der Resultate
Anzahl Personen mit jedem Resultat
Perzentil nach korrekt beantworteten Fragen
Ihre Resultats-Entwicklung
Sie haben dieses Quiz noch nicht gespielt